LEADER 00728nam a2200193 i 4500 001 000000217441 003 CaOOAMICUS 005 20121205000000.0 008 121205s1830 it u000 u ita u 013 $a196338 026 $aaii- elg- .)o- lico (7) 1830 (A) 040 $aSeMil$bita 245 10$aVol. 2. 300 $a384 p. 500 $aSegn. : A-Q12. 773 0 $aLiguori, Alfonso Maria : de' $tIstruzione e pratica pei confessori opera del beato Alfonso Maria De Liguori. Volume 1. [-5.].$dMonza : Coi tipi di Luca Corbetta, 1830.$g2$w()27774 850 $aSeMil 852 $aSeMil$W1$xVenegono$y1$m2E I 40 FA$j167855$B167855$CSeMilBibl$Z2$F178632 $8I 996 $6245$aVol. 2$9(OLS)http://semarc/title/13458 LEADER 00859nam a2200241 i 4500 001 000000087459 003 CaOOAMICUS 005 20180830150021.0 008 180830s1948 xx u000 u und u 013 $a59699 020 $a88-245- 040 $aSeMil$bita 100 1 $aPicard, Max.$0(OLS)http://semarc/name/33212 245 13$aLa fuga davanti a Dio. 260 $aMilano :$bEdizioni di Comunità,$c1948. 300 $a178 p. 490 0 $aCollana di Comunità 830 0$aCollana di Comunità.$0(OLS)http://semarc/title/7469 850 $aSeMil 852 $aSeMil$W1$xVenegono$y1$m102 6 14 *$j50944$B50944$CSeMilBibl$Z2$F55058 $81 996 $6020$a88-245-$9(OLS)http://semarc/number/67510 996 $6245$aLa fuga davanti a Dio$9(OLS)http://semarc/title/105072 996 $6260$aMilano :$bEdizioni di Comunità$9(OLS)http://semarc/publisher/31458